00391nam a2200145Ia 4500008004100000020002200041041000800063082001500071100001800086245006200104260003300166300000900199500001700208650002000225220803s9999 xx 000 0 und d a978-81-8415-008-7 aeng a891.43 TEJ aTejparkhiji T aSwasanwad Ka Jadu : Apna Remote Control Kaise Prapt Karen aPunebWow Publicationsc2007 a192p aArchitecture aHindi Litrature